Statystyki dla Najstarsi zwycięzcy wyścigu Formuły 1

Kliknij tutaj aby rozwiązać quiz!

Ogólne statystyki

  • Ten quiz został rozwiązany 71 razy
  • Średni wynik to 3 z 10

Statystyki odpowiedzi

narodowośćwiekkierowca% Poprawnych
Argentyna46 lat 41 dniJuan Manuel Fangio
96%
Włochy46 lat 276 dniNino Farina
84%
Australia43 lata 339 dniJack Brabham
48%
Wielka Brytania40 lat 92 dniGraham Hill
33%
Wielka Brytania41 lat 97 dniNigel Mansell
33%
Włochy53 lata 22 dniLuigi Fagioli
15%
Francja40 lat 200 dniMaurice Trintignant
12%
Włochy45 lat 219 dniPiero Taruffi
10%
Stany Zjednoczone42 lata 321 dniSam Hanks
6%
Stany Zjednoczone40 lat 264 dniLee Wallard
4%

Rozkład punktacji

Percentyl według liczby udzielonych odpowiedzi

Procent ludzi z każdym wynikiem

Twoja historia wyników

Nie rozwiązałeś tego quizu